000 00274nam a22001097a 4500
008 170105b xxu||||| |||| 00| 0 eng d
020 _a9781416001034
041 _aeng
080 _25TH
_a618.2
245 _aVIRTUAL CLINICAL EXCURSIONS
_cIGNATAVCIUS & WORKMAN
942 _2udc
_cBK
999 _c2571
_d2571